000 00759cab a2200253 4500
001 ABS58142
008 090401t1998 xxu||||| |||| 00| 0 eng d
035 _a(Sirsi) u83488
041 _aeng
100 _aGleeson, A.
245 2 _aA guide to temporary offices (3): East Anglia and the Midlands
260 _c1998
350 _a0
490 _aFlexible Working
_v3(2) January 1998, 9-13(5)
520 _aLooks at the availability of short-term serviced office accommodation in the Midlands and East Anglia. Table.
650 _aAVAILABILITY
650 _aEAST ANGLIA
650 _aMIDLANDS
650 _aSERVICED OFFICES
650 _aTEMPORARY ACCOMMODATION
690 _aPROPERTY-COMMERCIAL PROPERTY
942 _n0
948 _c02/02/1998
999 _c52733
_d52733